000 00372nam a2200157 i 4500
001 bg
100 1 _aBARLTROP, John A.
245 0 _aFotochemia :
_bpodstawy /
_cJ.A. Barltrop, J.A. Coyle.
260 _aWarszawa,
_c1987.
700 1 _aCOYLE, John D.
040 _cBPK
041 _apol
080 _a541.14
942 _cKS
008 s pl f |000 0 pol
999 _c23511
_d23511
856 _uhttp://koha.tu.koszalin.pl/cgi-bin/koha/opac-detail.pl?biblionumber=23511
_yKatalog online BPK